| 000 | 00419nam a22001697a 4500 | ||
|---|---|---|---|
| 005 | 20230112112647.0 | ||
| 008 | 210317b ||||| |||| 00| 0 eng d | ||
| 020 | _a81-239-0787-7 | ||
| 041 | _aeng | ||
| 082 | _a615.19 | ||
| 100 |
_aGAUD, R.S AND GUPTA, G.D. _96501 |
||
| 245 | _aPRACTICAL PHARMACEUTICS | ||
| 260 |
_aNEW DELHI _bC.B.S.PVT.LTD |
||
| 300 | _a306,p | ||
| 650 |
_aPHARMACY _xB.PHARMA _97083 |
||
| 942 | _cBK | ||
| 999 |
_c7657 _d7655 |
||